| 000 | 00479nam a22001697a 4500 | ||
|---|---|---|---|
| 020 | _a9781496360694 | ||
| 082 |
_a616.07572 _bDAH |
||
| 100 |
_aDähnert, Wolfgang _9114137 |
||
| 245 |
_aRadiology Review Manual / _cWolfgang Dähnert |
||
| 250 | _a8th Edition. | ||
| 260 |
_aPhiladelphia : _bWolters Kluwer, _c2017. |
||
| 300 |
_aVolume; _bill, _c28 cm. |
||
| 563 | _aPBK. | ||
| 650 |
_aMedical radiology _9114138 |
||
| 650 |
_aDiagnosis, Radioscopic _9114139 |
||
| 942 |
_2ddc _cBK |
||
| 999 |
_c595530 _d595530 |
||